000 00628nam a2200193Ii 4500
003 JO-AjNU
008 230605s9999||||xx |||||||||||||| ||und||
040 _aJO-AjNU
_bara
_erda
_cJO-AjNU
041 _aara
050 1 4 _aBP163.M8364 1996
100 3 _aسالم، محمد عزيز نظمي,
_eauthor
_938118
245 0 0 _aالثقافة الإسلامية
264 3 1 _aالاسكندرية: مؤسسة شباب الجامعة، 1996
300 _a198ص
336 _atext
_btxt
_2rdacontent
337 _aunmediated
_bn
_2rdamedia
338 _avolume
_bnc
_2rdacarrier
650 4 _aالثقافة الاسلامية
_938119
999 _aA15988
_c19556
_d19556